Business logistics : (Record no. 15615)
[ view plain ]
| 000 -LEADER | |
|---|---|
| fixed length control field | 00966cam a2200313 a 4500 |
| 001 - CONTROL NUMBER | |
| control field | 15615 |
| 003 - CONTROL NUMBER IDENTIFIER | |
| rucl marc code | BD-RjUL |
| 005 - DATE AND TIME OF LATEST TRANSACTION | |
| control field | 20211208235845.0 |
| 008 - FIXED-LENGTH DATA ELEMENTS--GENERAL INFORMATION | |
| fixed length control field | 140210s1973 nyua b 001 0 eng |
| 035 ## - SYSTEM CONTROL NUMBER | |
| System control number | (BD-RjUL)15670 |
| System control number | 361051 |
| 040 ## - CATALOGING SOURCE | |
| Original cataloging agency | LC |
| Language of cataloging | eng |
| Transcribing agency | LC |
| Modifying agency | BD-RjUL |
| 041 ## - LANGUAGE CODE | |
| Language code of text/sound track or separate title | eng |
| 082 04 - DEWEY DECIMAL CLASSIFICATION NUMBER | |
| Classification number | 658.7 |
| Author mark and year | HEB 1973 |
| 100 1# - MAIN ENTRY--PERSONAL NAME | |
| Personal name | Heskett, James L. |
| 9 (RLIN) | 48477 |
| 245 10 - TITLE STATEMENT | |
| Title | Business logistics : |
| Remainder of title | physical distribution and materials management / |
| Statement of responsibility, etc. | James L. Heskett, Nicholas A. Glaskowsky, Jr. and Robert M. Ivie. |
| 250 ## - EDITION STATEMENT | |
| Edition statement | 2d ed. |
| 260 ## - PUBLICATION, DISTRIBUTION, ETC. (IMPRINT) | |
| Place of publication, distribution, etc. | New York : |
| Name of publisher, distributor, etc. | Ronald Press Co., |
| Date of publication, distribution, etc. | c1973. |
| 300 ## - PHYSICAL DESCRIPTION | |
| Pagination | xii, 789 p. : |
| Illustrations | illus. ; |
| Size | 24 cm. |
| 500 ## - GENERAL NOTE | |
| General note | Includes index. |
| 504 ## - BIBLIOGRAPHY, ETC. NOTE | |
| Bibliography, etc | Bibliography: p. 765-775. |
| 650 #0 - SUBJECT ADDED ENTRY--TOPICAL TERM | |
| Topical term or geographic name as entry element | Materials management. |
| 9 (RLIN) | 46909 |
| Topical term or geographic name as entry element | Business logistics. |
| 9 (RLIN) | 48354 |
| 700 1# - ADDED ENTRY--PERSONAL NAME | |
| Personal name | Glaskowsky, Nicholas A, |
| Personal name | Ivie, Robert M, |
| 942 ## - ADDED ENTRY ELEMENTS (KOHA) | |
| Source of classification or shelving scheme | Dewey Decimal Classification |
| Koha item type | Books |
| Lost status | Source of classification or shelving scheme | Damaged status | Not for loan | Collection code | Permanent Location | Current Location | Shelving location | Date acquired | Source of acquisition | Cost, normal purchase price | Total Checkouts | Full call number | Date last seen | Copy number | Koha item type |
|---|---|---|---|---|---|---|---|---|---|---|---|---|---|---|---|
| Dewey Decimal Classification | Non-fiction | Central Library, University of Rajshahi | Central Library, University of Rajshahi | 17/10/1984 | Toppan- Tulip | 41.75 | 658.7 HEB 1973 | 10/02/2014 | C-5 | Books | |||||
| Dewey Decimal Classification | Non-fiction | Central Library, University of Rajshahi | Central Library, University of Rajshahi | 09/12/1988 | Toppan co. | 44.00 | 658.7 HEB 1973 | 16/10/2019 | C-4 | Books | |||||
| Dewey Decimal Classification | Not For Loan | Non-fiction | Central Library, University of Rajshahi | Central Library, University of Rajshahi | Reading Room | 17/10/1984 | Toppan co. | 658.7 HEB 1973 | 22/10/2019 | C-1 | Books | ||||
| Dewey Decimal Classification | Non-fiction | Central Library, University of Rajshahi | Central Library, University of Rajshahi | 17/10/1984 | Toppan co. | 41.00 | 658.7 HEB 1973 | 22/10/2019 | C-6 | Books | |||||
| Dewey Decimal Classification | Non-fiction | Central Library, University of Rajshahi | Central Library, University of Rajshahi | 17/10/1984 | Toppan co. | 658.7 HEB 1973 | 22/10/2019 | C-7 | Books | ||||||
| Dewey Decimal Classification | Non-fiction | Central Library, University of Rajshahi | Central Library, University of Rajshahi | 17/10/1984 | Toppan co. | 658.7 HEB 1973 | 22/10/2019 | C-2 | Books | ||||||
| Dewey Decimal Classification | Non-fiction | Central Library, University of Rajshahi | Central Library, University of Rajshahi | 17/10/1984 | Toppan co. | 658.7 HEB 1973 | 22/10/2019 | C-3 | Books | ||||||
| Dewey Decimal Classification | Non-fiction | Central Library, University of Rajshahi | Central Library, University of Rajshahi | 17/10/1984 | Toppan co. | 658.7 HEB 1973 | 22/10/2019 | C-8 | Books | ||||||
| Dewey Decimal Classification | Non-fiction | Central Library, University of Rajshahi | Central Library, University of Rajshahi | 17/10/1984 | Toppan co. | 658.7 HEB 1973 | 22/10/2019 | C-9 | Books | ||||||
| Dewey Decimal Classification | Non-fiction | Central Library, University of Rajshahi | Central Library, University of Rajshahi | 17/10/1984 | Toppan co. | 658.7 HEB 1973 | 22/10/2019 | C-10 | Books | ||||||
| Dewey Decimal Classification | Non-fiction | Central Library, University of Rajshahi | Central Library, University of Rajshahi | 17/10/1984 | Toppan co. | 658.7 HEB 1973 | 22/10/2019 | C-11 | Books |